Normal view
MARC view
Entry Topical Term
001 - CONTROL NUMBER
- control field: 755146
003 - CONTROL NUMBER IDENTIFIER
- control field: OSt
005 - DATE AND TIME OF LATEST TRANSACTION
- control field: 20250507130317.0
008 - FIXED-LENGTH DATA ELEMENTS
- fixed length control field: 250507|| aca||aabn | a|a d
040 ## - CATALOGING SOURCE
- Original cataloging agency: OSt
- Transcribing agency: OSt
150 ## - HEADING--TOPICAL TERM
- Topical term or geographic name entry element: China; China - Wages - Minimum
670 ## - SOURCE DATA FOUND
- Source citation: Work cat.: (OSt)1318913: Han Shaozhou Etc. 674600, Empirical study on minimum wage level in China: The ELES approach, 2011
